| 000 | 00505nam a2200181Ia 4500 | ||
|---|---|---|---|
| 005 | 20250326130315.0 | ||
| 008 | 250326s9999 xx 000 0 und d | ||
| 037 | _aTextbook | ||
| 040 |
_aFMSL _beng _cFMSL |
||
| 041 |
_aeng _2eng |
||
| 084 |
_aB2893P K2 _qFMSL |
||
| 100 |
_aBellman R E _9740410 |
||
| 245 | 0 |
_aApplied dynamic programming _cBellman R E |
|
| 260 |
_aLondon _bLondon, Princeton University _c1962 |
||
| 300 | _a361p | ||
| 942 |
_cTB _hB2893P K2 |
||
| 999 |
_c1281915 _d1281915 |
||